000
00275nam a2200085Ia 4500
008
220204s9999 xx 000 0 und d
245
0
_a
Comparison of Indian and overseas standards for wrought steel for general engineering purposes
260
_a
New Delhi
_b
ISI
_c
1966
942
_c
BK
999
_c
43706
_d
43706